| 000 | 01268 a2200277 4500 | ||
|---|---|---|---|
| 001 | 40541 | ||
| 005 | 20260407155700.0 | ||
| 008 | 260407a2007 arg spa d | ||
| 003 | AR-UNSa-BCEJYS | ||
| 040 |
_aAR-UNSa-BCEJYS _bspa _cAR-UNSa-BCEJYS |
||
| 080 |
_a517.3 _xCálculo integral. Integración |
||
| 245 | 1 | 0 | _aCálculo |
| 020 | _a978-970-26-0919-3 | ||
| 250 | _a9a. ed. | ||
| 264 | 1 |
_aMéxico : _bPearson Educación _c2007 |
|
| 300 |
_axv, 774 p. _c27 cm. |
||
| 505 | _ao. Preliminares - 1. Límites - 2. La derivada - 3. Aplicaciones a la derivada - 4. La integral definida - 5. Aplicaciones de la integral - 6. Funciones trascendentales - 7. Técnicas de integración - 8. Formas indeterminadas e integrales impropias - 9. Series infinitas - 10. Cónicas y coordenadas polares - 11. Geometría en el espacio y vectores - 12. Derivadas para funciones de dos o más varibles - 13. Integrales múltiples - 14. Cálculo vectorial | ||
| 041 | _aspa | ||
| 942 | _cBK | ||
| 590 | _aniveau_biblio:m niveau_hierar:0 | ||
| 100 | 1 | _aPurcell, Edwin J. | |
| 700 | 1 | _aVarberg, Dale | |
| 700 | 1 | _aIbarra Mercado, Víctor Hugo | |
| 700 | 1 | _aRigdon, Steven E. | |
| 856 | 4 | 1 |
_uhttps://biblioeco.unsa.edu.ar/pmb/images/libros/L126089.jpg _yImagen de portada _qimage/jpeg |
| 999 |
_c3248 _d3248 |
||